| 000 | 00632nam a22002057a 4500 | ||
|---|---|---|---|
| 999 |
_c16152 _d16152 |
||
| 003 | AR-CdUCM | ||
| 008 | 190502b ||||| |||| 00| 0 spa d | ||
| 040 |
_aMUNICIPALIDAD PROVINCIAL DEL CUSCO _cBIBLIOTECA MUNICIPAL DEL CUSCO |
||
| 082 |
_a869.753 / _bH6 |
||
| 100 |
_aBlanco Fombona, Rufino _95147 |
||
| 245 |
_aEl hombre de hierro : _bnovelín / |
||
| 260 |
_aParís : _bCasa Edit. Garnier, |
||
| 300 |
_a318 paginas ; _c21 cm. |
||
| 505 | _aContenido : Novela | ||
| 650 |
_aNovelas venezolanas _910214 |
||
| 650 |
_aSiglo XX _98 |
||
| 650 |
_aNovelas de costumbres _9168 |
||
| 942 |
_2ddc _cLIBROS |
||
| 945 |
_awnts _d219-05-2 |
||